000 00872nam a2200229 i 4500
001 41717
003 ES-MaACL
005 20251015063054.0
007 t|
008 030311s1962 sp ||||1| spa d
100 0 _aCassou, Jean,
_d1897-1986
_936378
245 1 0 _aGenésis del siglo XX /
_cJean Cassou, Emile Langui, Nikolans Pevsner ; publicado bajo los auspicios del Consejo de Cooperación Cultural con motivo de la VI Exposición de Arte de Consejo de Europa.
260 _aBarcelona :
_bSalvat,
_c[1962]
300 _a363 p., LII lám. :
_b102 lám., il. ;
_c35 cm.
650 0 0 _aArte-
_yS.XIX
_9233576
650 7 _aArte-
_yS.XX
_2
_9141916
700 1 _aLangui, Emile.
_970076
700 1 _aPevsner, Nikolaus.
_991583
710 2 _aConsejo de Europa.
_bConsejo de Cooperación Cultural.
_93187
852 _aES-MaACL
_jC-24263
999 _c41717
_d41717